000 00389nam a2200157Ia 4500
008 221030s9999 xx 000 0 und d
020 _a8176351970
041 _aEnglish
082 _a105.23
_bLin
100 _aJ. Linerty
245 0 _aC++ Unleashed ( DEPARTMENTAL )
_cby J. Linerty
260 _bTechmedia
_aNew Delhi
_c1999
300 _a918
650 _aCSE Departmental
942 _cBK
999 _c7241
_d7241